R. P. Thomae Tamburini Societatis Iesu (...) explicatio Decalogi duabus distincta partibus in qua omnes fere conscientiae casus ad decem praecepta pertinentes, mira brevitate, claritate et quantum licet, benignitate declarantur (Registro nro. 75190)

Detalles MARC
000 -ENCABEZADO
Número de control [NR] 02405nam a2200373Ia 4500
008 - DE LONGITUD FIJA DE DATOS DE ELEMENTOS - INFORMACIÓN GENERAL
Elementos de longitud fija [NR] 130821s1679 fr a gr lat
040 ## - FUENTE DE CATALOGACION [NR]
Agencia de catalogación original [NR] Co-BoUCM
Idioma de catalogación [NR] spa
041 0# - CODIGO DE IDIOMA [R]
Código de idioma para texto/pista de sonido o título separado [R] Latín
092 ## - SIGNATURA TOPOGRAFICA LOCAL
Número de clasificación local E13N011
100 1# - ASIENTO PRINCIPAL--NOMBRE PERSONAL [NR]
Nombre personal [NR] Tamburini, Tomás
Fechas asociadas con el nombre [NR] 1591-1675
245 10 - MENCION DE TITULO [NR]
Título [NR] R. P. Thomae Tamburini Societatis Iesu (...) explicatio Decalogi duabus distincta partibus in qua omnes fere conscientiae casus ad decem praecepta pertinentes, mira brevitate, claritate et quantum licet, benignitate declarantur
246 13 - FORMA VARIANTE DEL TITULO [R]
Título propiamente dicho/forma breve del título [NR] [Explicación del Decálogo dividida en dos partes. Se tratan en ella, con brevedad, claridad y -dentro de lo posible- con benignidad, casi todos los "casos de conciencia" relacionados con los diez mandamientos]
246 13 - FORMA VARIANTE DEL TITULO [R]
Título propiamente dicho/forma breve del título [NR] [Método para una debida confesión y para una buena comunión]
246 13 - FORMA VARIANTE DEL TITULO [R]
Título propiamente dicho/forma breve del título [NR] Methodi expeditae confessionis, libri quatuor. Methodi expeditae communionis. Liber unicus.
246 13 - FORMA VARIANTE DEL TITULO [R]
Título propiamente dicho/forma breve del título [NR] Opuscula tria, de confessiones. De communione. De sacrificio missae.
260 ## - PUBLICACION, DISTRIBUCION, ETC. (PIE DE IMPRENTA) [R]
Lugar de publicación, distribución, etc. [R] Lion (Francia)
Nombre del editor, distribuidor, etc. [R] Sumpt. Fr. Annissoniorum et Ioan. Posuel[Hermanos Anisson y Juan Posuel]
Fecha de publicación, distribución, etc. [R] 1679
300 ## - DESCRIPCION FISICA [R]
Extensión [R] [16], 422, [26] ; [12], 190, [17] páginas
Otros detalles físicos [NR] ilustraciones
500 ## - NOTA GENERAL [R]
Nota general [NR] Detalles físicos: Encuadernación en regular estado de conservación en pergamino, manchado y deformado. Protección interna de tapas, usando hojas de libros impresas. En este caso, de un libro llamado Consultas en materia moral. Guarda delantera
504 ## - NOTA DE BIBLIOGRAFIA, ETC. [R]
Nota de bibliografía, etc. [NR]
505 0# - NOTA DE CONTENIDO CON FORMATO PREESTABLECIDO [R]
Nota de contenido con formato preestablecido [NR] Introducción: Sobre el pecado. ; Sobre los actos voluntarios. ; Sobre la conciencia. -- Los mandamientos. ; Primer mandamiento: adorar a un solo Dios (6 capítulos). ; Segundo mandamiento: no tomar el nombre de Dios en vano (17 capítulos). ; Terc
506 ## - NOTA DE RESTRICCIONES DE ACCESO [R]
Condiciones de acceso [NR] Consulta en sala.
546 ## - NOTA DE IDIOMA [R]
Nota de idioma [NR] Texto en latín.
650 ## - ASIENTO SECUNDARIO DE MATERIA - TERMINO TEMATICO [R]
Término temático o nombre geográfico como elemento de entrada [NR] Ética cristiana
Subdivisión general [R] Comunión
-- Obras anteriores a 1700
650 ## - ASIENTO SECUNDARIO DE MATERIA - TERMINO TEMATICO [R]
Término temático o nombre geográfico como elemento de entrada [NR] Ética cristiana
Subdivisión general [R] Conciencia
-- Obras anteriores a 1700
650 ## - ASIENTO SECUNDARIO DE MATERIA - TERMINO TEMATICO [R]
Término temático o nombre geográfico como elemento de entrada [NR] Ética cristiana
Subdivisión general [R] Confesión
-- Obras anteriores a 1700
650 ## - ASIENTO SECUNDARIO DE MATERIA - TERMINO TEMATICO [R]
Término temático o nombre geográfico como elemento de entrada [NR] Ética cristiana
Subdivisión general [R] Mandamientos de Dios
-- Obras anteriores a 1700
650 ## - ASIENTO SECUNDARIO DE MATERIA - TERMINO TEMATICO [R]
Término temático o nombre geográfico como elemento de entrada [NR] Ética cristiana
Subdivisión general [R] Pecado
-- Obras anteriores a 1700
650 ## - ASIENTO SECUNDARIO DE MATERIA - TERMINO TEMATICO [R]
Término temático o nombre geográfico como elemento de entrada [NR] Religión y moral
Subdivisión general [R] Obras anteriores a 1700
9 (RLIN) 23513
650 ## - ASIENTO SECUNDARIO DE MATERIA - TERMINO TEMATICO [R]
Término temático o nombre geográfico como elemento de entrada [NR] Religión
9 (RLIN) 23497
700 1# - ASIENTO SECUNDARIO - NOMBRE PERSONAL [R]
Nombre personal [NR] Posuel, Anisson
Término de relación [R]
700 1# - ASIENTO SECUNDARIO - NOMBRE PERSONAL [R]
Nombre personal [NR] Posuel, Juan
Término de relación [R]
942 ## - ELEMENTOS DE ENTRADA AGREGADOS (KOHA)
Tipo de ítem principal el descrito en 300a Libro
Tema principal Religión
Edición 1
Sistema de clasificación DEWEY
Clasificación 241.52
Existencias
Total préstamos Código de barras Última vez visto Volúmen / Fascículo Ejemplar Price effective from Tipo de ítem Perdido Sistema de clasificación Dañado No prestable Tipo de ítem específico Suprimido Ubicación habitual Ubicación actual Localización Fecha de creación Forma de adquisición Costo
  L001943 15/12/2012 E13N011 Ej.1 03/02/2013 Libro   DEWEY     Libro archivo     Archivo Histórico Archivo histórico 28/02/2014 Donación 0.00